[Event "European Youth Chess Championship B16"]
[Site "Prague, Top Hotel Prague"]
[Date "2016.08.26"]
[Round "8.9"]
[White "Lobanov, Sergei"]
[Black "Giannoulakis, Lampros"]
[Result "1/2-1/2"]
[WhiteElo "2450"]
[BlackElo "2317"]
[PlyCount "62"]
[EventDate "2016.08.18"]

1. e4 c5 2. Nf3 d6 3. d4 cxd4 4. Nxd4 Nf6 5. Nc3 a6 6. Be2 e5 7. Nb3 Be6 8. f4
Be7 9. f5 Bd7 10. Be3 Bc6 11. Bf3 b5 12. a3 h5 13. Qe2 Nbd7 14. Bf2 Rb8 15. O-O
a5 16. Rfd1 Qc7 17. Nd5 Bxd5 18. exd5 O-O 19. a4 bxa4 20. Rxa4 Rb4 21. Rda1 Rc8
22. Nxa5 Rxa4 23. Rxa4 Qxc2 24. Nc6 Qxe2 25. Bxe2 Nxd5 26. Nxe7+ Nxe7 27. Ra7
Rc1+ 28. Bf1 Nf6 29. Rxe7 Ne4 30. Be3 Re1 31. Bf2 Rb1 1/2-1/2

[Event "European Youth Chess Championship B16"]
[Site "Prague, Top Hotel Prague"]
[Date "2016.08.26"]
[Round "8.10"]
[White "Pechac, Jergus"]
[Black "Dobrovoljc, Vid"]
[Result "1/2-1/2"]
[WhiteElo "2443"]
[BlackElo "2306"]
[PlyCount "55"]
[EventDate "2016.08.18"]

1. e4 e5 2. Nf3 Nc6 3. Bb5 Nf6 4. O-O Nxe4 5. Re1 Nd6 6. Nxe5 Be7 7. Bf1 Nxe5
8. Rxe5 O-O 9. d4 Bf6 10. Re1 Re8 11. c3 Rxe1 12. Qxe1 Qe8 13. Qd1 Nf5 14. Bf4
c6 15. Nd2 d5 16. Bd3 g6 17. Nf3 Ng7 18. Qd2 Bf5 19. Re1 Qd7 20. Be5 Bxe5 21.
Nxe5 Qd6 22. Bxf5 Nxf5 23. Ng4 Kg7 24. Ne3 Ne7 25. h4 Ng8 26. Qe2 Nf6 27. Ng4
Re8 28. Ne3 1/2-1/2

[Event "European Youth Chess Championship B16"]
[Site "Prague, Top Hotel Prague"]
[Date "2016.08.26"]
[Round "8.11"]
[White "Costachi, Mihnea"]
[Black "Haug, Johannes"]
[Result "1/2-1/2"]
[WhiteElo "2416"]
[BlackElo "2305"]
[PlyCount "95"]
[EventDate "2016.08.18"]

1. d4 Nf6 2. c4 e6 3. Nf3 d5 4. Nc3 c5 5. cxd5 Nxd5 6. e3 cxd4 7. exd4 Bb4 8.
Bd2 O-O 9. Bd3 b6 10. O-O Bb7 11. Qe2 Nd7 12. Qe4 N7f6 13. Qh4 Ne7 14. Bg5 Ng6
15. Bxg6 hxg6 16. Ne5 Be7 17. Rfe1 Re8 18. Rac1 Nh5 19. Bxe7 Qxe7 20. Qxe7 Rxe7
21. Nb5 Nf4 22. g3 Nd5 23. f3 a6 24. Nd6 Rd8 25. Nxb7 Rxb7 26. f4 Ne7 27. Red1
f6 28. Nf3 Rdd7 29. Rc4 Rdc7 30. b3 Kf7 31. Kf2 Ke8 32. Rdc1 Kd7 33. Nh4 Kd6
34. g4 Rxc4 35. Rxc4 Rc7 36. Kf3 b5 37. Rxc7 Kxc7 38. Ke4 Kd6 39. f5 g5 40. Nf3
g6 41. fxe6 Kxe6 42. Kd3 Kd5 43. h4 gxh4 44. Nxh4 g5 45. Ng2 f5 46. Ne3+ Ke6
47. gxf5+ Nxf5 48. Ng4 1/2-1/2

[Event "European Youth Chess Championship B16"]
[Site "Prague, Top Hotel Prague"]
[Date "2016.08.26"]
[Round "8.12"]
[White "Sousa, Andre Ventura"]
[Black "O`Sullivan, Thomas"]
[Result "1-0"]
[WhiteElo "2411"]
[BlackElo "2293"]
[PlyCount "69"]
[EventDate "2016.08.18"]

1. e4 c5 2. Nf3 e6 3. d4 cxd4 4. Nxd4 Nc6 5. Nc3 Qc7 6. Be2 Nf6 7. O-O Be7 8.
Be3 O-O 9. f4 d6 10. Bf3 Nxd4 11. Qxd4 e5 12. Qd3 Be6 13. Nb5 Qb8 14. f5 Bd7
15. a4 Rd8 16. c4 Bc6 17. a5 Bxb5 18. cxb5 d5 19. exd5 e4 20. Bxe4 Bd6 21. h3
Bh2+ 22. Kh1 Nh5 23. Bf2 Ng3+ 24. Kxh2 Nxe4+ 25. Kh1 Qe5 26. Bh4 Qxd5 27. Qxd5
Rxd5 28. Rfe1 Nc5 29. Re7 Rxf5 30. b4 Nb3 31. Rb1 Nd4 32. Rxb7 Rxb5 33. a6 Rxb7
34. axb7 Rb8 35. Re1 1-0

[Event "European Youth Chess Championship B16"]
[Site "Prague, Top Hotel Prague"]
[Date "2016.08.26"]
[Round "8.13"]
[White "Kevlishvili, Robby"]
[Black "Banzea, Alexandru-Bogdan"]
[Result "1/2-1/2"]
[WhiteElo "2409"]
[BlackElo "2287"]
[PlyCount "114"]
[EventDate "2016.08.18"]

1. e4 c6 2. d4 d5 3. e5 Bf5 4. Nf3 e6 5. Be2 Nd7 6. O-O h6 7. Nbd2 Ne7 8. Nb3
g5 9. Ne1 Bg7 10. Nd3 Qc7 11. Bg4 b6 12. Be3 c5 13. dxc5 Nxe5 14. Nxe5 Bxe5 15.
Bd4 bxc5 16. Bxe5 Qxe5 17. Nxc5 Rc8 18. Bxf5 Rxc5 19. Bd3 Qxb2 20. Rb1 Qe5 21.
Qh5 Kf8 22. f4 Qd4+ 23. Kh1 f5 24. Rfe1 Qf6 25. fxg5 hxg5 26. Rxe6 Rxh5 27.
Rxf6+ Kg7 28. Re6 Kf7 29. Rbe1 Rc7 30. c4 dxc4 31. Bxc4 Rxc4 32. Rxe7+ Kf8 33.
Rxa7 Rh6 34. Rb1 Rb6 35. Rf1 Rf4 36. Kg1 Rxf1+ 37. Kxf1 g4 38. Kf2 Rb2+ 39. Kg3
f4+ 40. Kxg4 Rxg2+ 41. Kxf4 Rxh2 42. Ke5 Ke8 43. Kd6 Rd2+ 44. Kc7 Rc2+ 45. Kb8
Kd8 46. Ra3 Rb2+ 47. Ka7 Rc2 48. Rd3+ Kc8 49. a4 Rc7+ 50. Kb6 Kb8 51. a5 Rb7+
52. Ka6 Ra7+ 53. Kb5 Rb7+ 54. Ka4 Ka7 55. Rb3 Rxb3 56. Kxb3 Ka6 57. Kc4 Kxa5
1/2-1/2

[Event "European Youth Chess Championship B16"]
[Site "Prague, Top Hotel Prague"]
[Date "2016.08.26"]
[Round "8.14"]
[White "Mirzoyan, David"]
[Black "Lodici, Lorenzo"]
[Result "1-0"]
[WhiteElo "2294"]
[BlackElo "2394"]
[PlyCount "85"]
[EventDate "2016.08.18"]

1. d4 Nf6 2. c4 c5 3. d5 b5 4. cxb5 a6 5. b6 d6 6. Nc3 Nbd7 7. e4 g6 8. Nf3 Bg7
9. Be2 O-O 10. O-O Nxb6 11. a4 Ne8 12. Nd2 Nc7 13. a5 Nd7 14. Nc4 Nb5 15. Na4
Nd4 16. Bd3 Rb8 17. Nab6 Nxb6 18. Nxb6 e6 19. Re1 Re8 20. Bf4 Bb7 21. Qa4 f5
22. dxe6 Nxe6 23. exf5 Nxf4 24. Qxf4 Be5 25. Qc4+ Kh8 26. fxg6 hxg6 27. Qg4 Rg8
28. Bxg6 Rxg6 29. Qxg6 Qh4 30. Rxe5 dxe5 31. Qg3 Qh5 32. Re1 Bxg2 33. Rxe5 Qf3
34. Rh5+ Qxh5 35. Qxb8+ Kh7 36. Qc7+ Kh8 37. Kxg2 Qg4+ 38. Qg3 Qe4+ 39. f3 Qc2+
40. Kh3 Qxb2 41. Qh4+ Kg8 42. Nc4 Qg2+ 43. Kxg2 1-0

[Event "European Youth Chess Championship B16"]
[Site "Prague, Top Hotel Prague"]
[Date "2016.08.26"]
[Round "8.15"]
[White "Plazuelo, Pascual Juan"]
[Black "Radovanovic, Mihajlo"]
[Result "0-1"]
[WhiteElo "2256"]
[BlackElo "2374"]
[PlyCount "84"]
[EventDate "2016.08.18"]

1. d4 d6 2. e4 Nf6 3. Nc3 e5 4. Nf3 Nbd7 5. Bc4 Be7 6. a4 O-O 7. O-O c6 8. Re1
exd4 9. Nxd4 Ne5 10. Ba2 Re8 11. h3 Qa5 12. f4 Ng6 13. Be3 Bd8 14. Qd3 Bb6 15.
Rf1 Qb4 16. Rae1 Bd7 17. Bb3 Rad8 18. Kh2 Bc8 19. Bg1 h5 20. Na2 Qa5 21. Qg3 d5
22. e5 h4 23. Qf3 Ne4 24. Rxe4 dxe4 25. Qxe4 Nf8 26. c3 Bxd4 27. Bxd4 Be6 28.
c4 g6 29. Bc3 Qb6 30. Nc1 Qc7 31. f5 Bxf5 32. Qxh4 Ne6 33. Qg3 Ng7 34. Kh1 c5
35. Bd1 Rd7 36. Bf3 Be6 37. b3 Nf5 38. Qf4 Qd8 39. Ne2 Rd1 40. Bxb7 Rxf1+ 41.
Qxf1 Qd3 42. Qf3 Qxe2 0-1

[Event "European Youth Chess Championship B16"]
[Site "Prague, Top Hotel Prague"]
[Date "2016.08.26"]
[Round "8.16"]
[White "Stauskas, Lukas"]
[Black "Gokerkan, Cem Kaan"]
[Result "1-0"]
[WhiteElo "2235"]
[BlackElo "2371"]
[PlyCount "97"]
[EventDate "2016.08.18"]

1. d4 Nf6 2. c4 e6 3. Nf3 d5 4. cxd5 exd5 5. Bg5 h6 6. Bh4 Nbd7 7. Nc3 Be7 8.
e3 O-O 9. Bd3 c6 10. Qc2 Re8 11. O-O Ne4 12. Bxe7 Qxe7 13. Rab1 a5 14. Bxe4
dxe4 15. Nd2 Nf6 16. Nc4 Be6 17. Ne5 Nd5 18. a3 f6 19. Nxd5 Bxd5 20. Nc4 a4 21.
Rbc1 Ra6 22. Rce1 b5 23. Nd2 b4 24. f3 exf3 25. gxf3 bxa3 26. Qd3 Rb6 27. bxa3
Rb2 28. e4 Bf7 29. Rb1 Reb8 30. Rxb2 Rxb2 31. Rb1 Ra2 32. e5 Qc7 33. Re1 fxe5
34. dxe5 Qb6+ 35. Re3 Bg6 36. Nc4 Qc5 37. Qxg6 Qxc4 38. Re1 Qc5+ 39. Kh1 Qd5
40. Qg4 Rxa3 41. Kg2 Qd2+ 42. Kh3 Ra2 43. Qc8+ Kf7 44. Qc7+ Kf8 45. Re2 Qd5 46.
Qc8+ Kf7 47. Re4 g5 48. e6+ Kg7 49. e7 1-0

[Event "European Youth Chess Championship B16"]
[Site "Prague, Top Hotel Prague"]
[Date "2016.08.26"]
[Round "8.17"]
[White "Risting, Eivind Olav"]
[Black "Trubchaninov, Timur"]
[Result "1-0"]
[WhiteElo "2347"]
[BlackElo "2228"]
[PlyCount "113"]
[EventDate "2016.08.18"]

1. Nf3 Nf6 2. g3 g6 3. b3 Bg7 4. Bb2 d6 5. d4 O-O 6. Bg2 Nbd7 7. O-O c5 8. c4
a6 9. Nc3 Rb8 10. e4 cxd4 11. Nxd4 Nc5 12. Qe2 Bg4 13. f3 Bd7 14. Rfd1 Ne8 15.
Rac1 e5 16. Nc2 b5 17. cxb5 axb5 18. Nd5 Nc7 19. Nde3 Bc6 20. Nb4 Bd7 21. Rxd6
N7e6 22. Qd2 Qg5 23. Ng4 Qxd2 24. Rxd2 f6 25. Rd5 Rfc8 26. Ne3 Bf8 27. Kf2 Be8
28. Bh3 Bf7 29. Rdd1 Nxe4+ 30. fxe4 Bxb4 31. Nd5 Rxc1 32. Rxc1 Bc5+ 33. Ke2 Bd4
34. Bxe6 Bxe6 35. Bxd4 exd4 36. Nxf6+ Kg7 37. Nd5 Ra8 38. Nb4 Rf8 39. Rc7+ Kh6
40. Kd3 Rf2 41. Rc2 Rf1 42. Kxd4 Kg5 43. Ke5 Bh3 44. Nd5 Re1 45. Nf4 Bf1 46.
Rc7 Kg4 47. Rxh7 g5 48. Rg7 Ra1 49. Ne6 Rxa2 50. Rxg5+ Kf3 51. h4 b4 52. h5 Ke3
53. h6 Rh2 54. Nd4 Bg2 55. Nf5+ Kd3 56. Rg4 Kc3 57. Rh4 1-0

[Event "European Youth Chess Championship B16"]
[Site "Prague, Top Hotel Prague"]
[Date "2016.08.26"]
[Round "8.18"]
[White "Lopez, Mulet Inigo"]
[Black "Paiva, Henrique"]
[Result "1-0"]
[WhiteElo "2343"]
[BlackElo "2121"]
[PlyCount "133"]
[EventDate "2016.08.18"]

1. d4 d5 2. c4 c6 3. Nf3 Nf6 4. g3 e6 5. Bg2 Nbd7 6. O-O Be7 7. Nbd2 O-O 8. Qc2
b6 9. e4 Ba6 10. b3 Rc8 11. e5 Ne8 12. Rd1 Nc7 13. Bb2 c5 14. Rac1 b5 15. dxc5
Bxc5 16. cxd5 Nxd5 17. Qb1 h6 18. Ne4 Bb6 19. Rxc8 Bxc8 20. h4 Bb7 21. Neg5
hxg5 22. Nxg5 g6 23. Nxe6 fxe6 24. Qxg6+ Kh8 25. Qh6+ Kg8 26. Qxe6+ Rf7 27.
Bxd5 Bxf2+ 28. Kg2 Bxd5+ 29. Qxd5 Qc7 30. Rc1 Qb8 31. Rf1 Nb6 32. Qe4 Bc5 33.
Qg6+ Rg7 34. Qe6+ Kh8 35. Qh6+ Kg8 36. Qe6+ Kh8 37. Qc6 Be7 38. Rf5 Qc8 39.
Qxc8+ Nxc8 40. e6 Nd6 41. Rc5 Ne4 42. Bxg7+ Kxg7 43. Rc7 Kf6 44. Rxa7 Kxe6 45.
Kf3 Nd2+ 46. Kg4 b4 47. Ra6+ Kf7 48. h5 Ne4 49. Kf4 Nc5 50. Rc6 Ne6+ 51. Ke5
Ng5 52. g4 Nf3+ 53. Ke4 Ng5+ 54. Kd5 Nh7 55. h6 Nf6+ 56. Kd4 Kg6 57. Ke5 Kg5
58. Ke6 Bd8 59. Kf7 Nh7 60. Kg7 Nf6 61. h7 Nxh7 62. Kxh7 Kxg4 63. Rc4+ Kf5 64.
Rxb4 Ke5 65. Kg6 Kd5 66. Rc4 Bb6 67. Kf7 1-0

[Event "European Youth Chess Championship B16"]
[Site "Prague, Top Hotel Prague"]
[Date "2016.08.26"]
[Round "8.19"]
[White "Laurent-Paoli, Pierre"]
[Black "Gallagher, Daniel GH"]
[Result "1-0"]
[WhiteElo "2318"]
[BlackElo "2128"]
[PlyCount "43"]
[EventDate "2016.08.18"]

1. d4 Nf6 2. c4 g6 3. Nc3 Bg7 4. e4 d6 5. Nf3 O-O 6. Be2 e5 7. O-O Nc6 8. dxe5
dxe5 9. Bg5 Qxd1 10. Raxd1 Bg4 11. h3 Bxf3 12. Bxf3 Nd4 13. Nd5 Nd7 14. Bg4 f5
15. exf5 gxf5 16. Ne7+ Kh8 17. Nxf5 Nf6 18. Nxd4 exd4 19. Rxd4 Nxg4 20. Rxg4
Bxb2 21. Rb1 Ba3 22. Be3 1-0

[Event "European Youth Chess Championship B16"]
[Site "Prague, Top Hotel Prague"]
[Date "2016.08.26"]
[Round "8.20"]
[White "Lojek, Marek"]
[Black "Ayats, Llobera Gerard"]
[Result "0-1"]
[WhiteElo "2141"]
[BlackElo "2290"]
[PlyCount "138"]
[EventDate "2016.08.18"]

1. e4 e6 2. d4 d5 3. Nc3 Nf6 4. Bg5 dxe4 5. Nxe4 Be7 6. Bxf6 gxf6 7. Nf3 f5 8.
Ned2 b6 9. Bd3 Bb7 10. Qe2 Rg8 11. g3 Qd5 12. Bb5+ c6 13. c4 Qd6 14. Ba4 Nd7
15. O-O-O O-O-O 16. Rhe1 Rg4 17. h3 Rg7 18. Bc2 Bf6 19. Nb3 Qc7 20. c5 b5 21.
Kb1 a6 22. Nc1 Nf8 23. Qe3 Rg8 24. Nd3 Ng6 25. Nde5 a5 26. a4 Ba6 27. Bd3 Bxe5
28. Nxe5 Nxe5 29. dxe5 Rd5 30. Bf1 Rgd8 31. Rxd5 Rxd5 32. Bg2 Rd7 33. Qf3 bxa4
34. Qxc6 Bb7 35. Qxc7+ Rxc7 36. Bxb7+ Kxb7 37. Rc1 Kc6 38. Ka2 Rb7 39. Rc3 Rb4
40. f3 h5 41. h4 Rb5 42. Ka3 f4 43. gxf4 Rb4 44. f5 exf5 45. Rd3 Rxh4 46. Rd6+
Kxc5 47. Rd7 Rf4 48. Rxf7 h4 49. e6 Kd6 50. e7 Kd7 51. Rh7 Ke8 52. Ka2 Rxf3 53.
Rxh4 f4 54. Rh5 Re3 55. Rxa5 Re4 56. Rf5 Kxe7 57. Kb1 Ke6 58. Rf8 Rc4 59. Ka2
Ke5 60. b3 axb3+ 61. Kxb3 Rc7 62. Kb4 Ke4 63. Kb3 f3 64. Kb2 Ke3 65. Re8+ Kf2
66. Rf8 Ke2 67. Re8+ Kf1 68. Rf8 f2 69. Kb3 Rg7 0-1

[Event "European Youth Chess Championship B16"]
[Site "Prague, Top Hotel Prague"]
[Date "2016.08.26"]
[Round "8.21"]
[White "Szustakowski, Antoni"]
[Black "Roshka, Yevgeniy"]
[Result "0-1"]
[WhiteElo "2125"]
[BlackElo "2285"]
[PlyCount "72"]
[EventDate "2016.08.18"]

1. d4 d5 2. c4 c6 3. Nf3 e6 4. Nc3 Nf6 5. Bg5 Nbd7 6. e3 Bb4 7. cxd5 cxd5 8.
Bd3 Qa5 9. Qc2 Ne4 10. O-O Nxg5 11. Nxg5 h6 12. Nf3 O-O 13. Rfc1 a6 14. a3 Bd6
15. b4 Qd8 16. b5 Qe7 17. Qb3 Nf6 18. Na4 Qd8 19. bxa6 bxa6 20. Nb6 Rb8 21.
Rxc8 Qxc8 22. Nxc8 Rxb3 23. Bxa6 Rxa3 24. Rxa3 Bxa3 25. Ne5 g6 26. Kf1 Kg7 27.
Ke2 Ne4 28. Nc6 Nd6 29. Nb6 Nf5 30. Nc8 h5 31. Kd3 Re8 32. Nb6 Bd6 33. g3 Ne7
34. Nxe7 Bxe7 35. Nd7 Ra8 36. Bb5 Ra2 0-1

[Event "European Youth Chess Championship B16"]
[Site "Prague, Top Hotel Prague"]
[Date "2016.08.26"]
[Round "8.22"]
[White "Koziol, Kamil"]
[Black "Abishli, Oghuz"]
[Result "1-0"]
[WhiteElo "2276"]
[BlackElo "2120"]
[PlyCount "73"]
[EventDate "2016.08.18"]

1. e4 e6 2. d4 d5 3. Nc3 Bb4 4. e5 c5 5. a3 Bxc3+ 6. bxc3 Qc7 7. Nf3 b6 8. a4
Ne7 9. h4 h6 10. h5 Bd7 11. Rh4 c4 12. Rg4 Rg8 13. Nh4 Nbc6 14. Qf3 Nf5 15.
Nxf5 exf5 16. Rh4 Be6 17. g3 O-O-O 18. Bh3 Qd7 19. Ba3 Rde8 20. Kd2 Rh8 21. g4
fxg4 22. Bxg4 Nd8 23. Bd6 f5 24. Bh3 Nf7 25. Qg2 Ng5 26. a5 Ne4+ 27. Rxe4 dxe4
28. axb6 axb6 29. Qg6 Kb7 30. d5 Bxd5 31. Bxf5 Re6 32. Bxe6 e3+ 33. fxe3 Qxe6
34. Qxg7+ Qf7 35. Qxh8 Qf2+ 36. Kc1 Qe1+ 37. Kb2 1-0

[Event "European Youth Chess Championship B16"]
[Site "Prague, Top Hotel Prague"]
[Date "2016.08.26"]
[Round "8.23"]
[White "Yilmaz, Goktan"]
[Black "Marosi, Levente"]
[Result "0-1"]
[WhiteElo "2134"]
[BlackElo "2274"]
[PlyCount "108"]
[EventDate "2016.08.18"]

1. e4 c6 2. d4 d5 3. e5 Bf5 4. h4 h6 5. g4 Be4 6. f3 Bh7 7. Bd3 Bxd3 8. Qxd3 e6
9. h5 Qa5+ 10. Nd2 c5 11. c3 Qa6 12. Qxa6 Nxa6 13. a3 Ne7 14. Ne2 Nc6 15. Nb3
c4 16. Nd2 b5 17. f4 Nc7 18. f5 a5 19. Nf3 Be7 20. Be3 Kd7 21. Kd2 b4 22. a4
Rab8 23. Kc2 Na8 24. Nf4 Rb7 25. fxe6+ fxe6 26. Ng6 Rhb8 27. Bc1 Ke8 28. Rf1
Bd8 29. g5 b3+ 30. Kd1 Rf7 31. gxh6 gxh6 32. Ke2 Rf5 33. Rh1 Rb7 34. Bxh6 Rh7
35. Be3 Rhxh5 36. Rxh5 Rxh5 37. Nf4 Rh7 38. Nxe6 Nb6 39. Bg5 Bxg5 40. Nexg5 Rg7
41. Ke3 Ke7 42. Kf4 Nd8 43. Kf5 Nf7 44. Rh1 Nxa4 45. Ra1 Nxb2 46. Rxa5 Nh6+ 47.
Kf4 Nd3+ 48. Ke3 Nf5+ 49. Kd2 b2 50. Kc2 Ne3+ 51. Kb1 Nd1 52. Ra3 Rg6 53. e6
Rh6 54. Ne5 Nxc3+ 0-1

[Event "European Youth Chess Championship B16"]
[Site "Prague, Top Hotel Prague"]
[Date "2016.08.26"]
[Round "8.24"]
[White "Miesbauer, Jan"]
[Black "Akhvlediani, Irakli"]
[Result "0-1"]
[WhiteElo "2272"]
[BlackElo "2120"]
[PlyCount "72"]
[EventDate "2016.08.18"]

1. e4 c5 2. Nf3 e6 3. b3 Nf6 4. e5 Nd5 5. Bb2 Nc6 6. g3 g6 7. c4 Nb6 8. Nc3 d5
9. exd6 e5 10. Nb5 Bxd6 11. Nxd6+ Qxd6 12. Nxe5 Nxe5 13. f4 Qc6 14. Bxe5 f6 15.
Qe2 fxe5 16. Qxe5+ Qe6 17. Bg2 Qxe5+ 18. fxe5 O-O 19. O-O-O Bg4 20. Rdf1 Rxf1+
21. Rxf1 Rf8 22. Rf4 Bc8 23. b4 cxb4 24. c5 Na4 25. d4 Be6 26. Bxb7 Bxa2 27.
Rf2 b3 28. e6 b2+ 29. Rxb2 Nxb2 30. e7 Re8 31. Kxb2 Rxe7 32. Bf3 Re3 33. Bh1
Re2+ 34. Kc3 Kf7 35. d5 Re1 36. Bg2 Rc1+ 0-1

[Event "European Youth Chess Championship B16"]
[Site "Prague, Top Hotel Prague"]
[Date "2016.08.26"]
[Round "8.25"]
[White "Buzas, Bertalan"]
[Black "Mohammad, Fahim"]
[Result "1/2-1/2"]
[WhiteElo "2127"]
[BlackElo "2260"]
[PlyCount "66"]
[EventDate "2016.08.18"]

1. d4 Nf6 2. Nf3 e6 3. g3 b5 4. Bg2 Bb7 5. O-O c5 6. Bg5 Be7 7. Bxf6 Bxf6 8. c3
O-O 9. a4 bxa4 10. dxc5 Na6 11. Qxa4 Nxc5 12. Qa5 Qc8 13. Nbd2 Ne4 14. Nb3 d5
15. Nfd4 Qc4 16. Ra4 Qc8 17. Bxe4 dxe4 18. Qc5 e5 19. Qxc8 Bxc8 20. Nc2 Bd7 21.
Ra5 Rfb8 22. Nb4 Bd8 23. Rxe5 f6 24. Rxe4 a5 25. Nc5 Bf5 26. Nc6 Bxe4 27. Nxb8
Rxb8 28. Nxe4 Rxb2 29. Rd1 Be7 30. Rd7 Kf7 31. Ra7 Rxe2 32. Nd6+ Kg6 33. Kf1
Re6 1/2-1/2

[Event "European Youth Chess Championship B16"]
[Site "Prague, Top Hotel Prague"]
[Date "2016.08.26"]
[Round "8.26"]
[White "Birkisson, Bardur Orn"]
[Black "Hurdzan, Tomas"]
[Result "1/2-1/2"]
[WhiteElo "2028"]
[BlackElo "2245"]
[PlyCount "86"]
[EventDate "2016.08.18"]

1. d4 Nf6 2. Nf3 g6 3. Bg5 Bg7 4. Nbd2 d6 5. e4 O-O 6. c3 c5 7. dxc5 dxc5 8.
Bc4 Nc6 9. O-O Na5 10. Be2 Qc7 11. Qc2 Be6 12. Rfe1 h6 13. Bh4 Nh5 14. Nb3 Nf4
15. Bf1 Nc4 16. Bg3 g5 17. Nbd2 Nxd2 18. Nxd2 c4 19. Bxf4 gxf4 20. e5 Bxe5 21.
Qe4 Bg7 22. Bxc4 Bxc4 23. Nxc4 e6 24. Ne5 Bxe5 25. Qxe5 Qxe5 26. Rxe5 Rfd8 27.
Kf1 Rd2 28. Re2 Rad8 29. Ke1 R2d5 30. f3 Kg7 31. Rc1 Kf6 32. c4 Rd4 33. Kf2
R8d7 34. c5 Rc7 35. Ke1 Rcd7 36. Kf2 Rc7 37. Ke1 Kf5 38. b3 e5 39. Rd2 Rxd2 40.
Kxd2 Ke6 41. b4 f5 42. Kc3 e4 43. Rd1 Rg7 1/2-1/2

[Event "European Youth Chess Championship B16"]
[Site "Prague, Top Hotel Prague"]
[Date "2016.08.26"]
[Round "8.27"]
[White "Danek, Daniel"]
[Black "German, Nikita"]
[Result "1/2-1/2"]
[WhiteElo "1970"]
[BlackElo "2223"]
[PlyCount "141"]
[EventDate "2016.08.18"]

1. e4 c5 2. Nf3 e6 3. c4 a6 4. Nc3 Qc7 5. Be2 d6 6. d4 cxd4 7. Nxd4 Nf6 8. O-O
b6 9. Be3 Bb7 10. Qc2 Nbd7 11. a4 Rc8 12. a5 bxa5 13. Nb3 Nc5 14. Nxc5 dxc5 15.
Qa4+ Bc6 16. Qxa5 Qxa5 17. Rxa5 Nxe4 18. Na4 Bxa4 19. Rxa4 Be7 20. Rxa6 O-O 21.
Rd1 Rfd8 22. Rxd8+ Rxd8 23. Rc6 Bf6 24. f3 Nd2 25. Rxc5 Bxb2 26. Rb5 Bc3 27. c5
f6 28. c6 Rc8 29. Rc5 Nb1 30. Ba6 Rc7 31. Bd3 Bd2 32. Bd4 e5 33. Bf2 Nc3 34.
Rc4 Nd1 35. Rc2 Nxf2 36. Bc4+ Kf8 37. Rxd2 Rxc6 38. Bf1 e4 39. Kxf2 exf3 40.
Kxf3 Ke7 41. Bb5 Rc7 42. Bd3 g6 43. Re2+ Kf7 44. Kf2 Kg7 45. Rc2 Rd7 46. Bb5
Rf7 47. Bc6 Rc7 48. Be4 Re7 49. Kf3 Ra7 50. Rb2 Kh6 51. Rb7 Ra3+ 52. Kf2 Ra2+
53. Kg3 Ra3+ 54. Bf3 Rc3 55. Rf7 f5 56. h4 Ra3 57. Rd7 Rc3 58. Kh2 Rc4 59. Kg3
Rc3 60. Kh2 Rc4 61. g3 Rc2+ 62. Bg2 Ra2 63. Rf7 Rc2 64. Kh3 Rd2 65. Bf3 Rd3 66.
Be2 Rc3 67. h5 Re3 68. hxg6 hxg6 69. Bc4 Kg5 70. Rf8 Re4 71. Bd3 1/2-1/2

[Event "European Youth Chess Championship B16"]
[Site "Prague, Top Hotel Prague"]
[Date "2016.08.26"]
[Round "8.28"]
[White "Hakobyan, Hakob V"]
[Black "Ranaldi, Lucas"]
[Result "1-0"]
[WhiteElo "1792"]
[BlackElo "2215"]
[PlyCount "141"]
[EventDate "2016.08.18"]

1. Nf3 c5 2. g3 Nc6 3. d4 cxd4 4. Nxd4 g6 5. c4 Bg7 6. Nc2 Nf6 7. Bg2 O-O 8.
Nc3 d6 9. O-O Nd7 10. Ne3 Nc5 11. Qd2 Nd4 12. b4 Nce6 13. Bb2 Rb8 14. Ned5 Bd7
15. e3 Nc6 16. Rac1 Ne5 17. Ne2 b5 18. Bxe5 Bxe5 19. c5 dxc5 20. bxc5 Rc8 21.
c6 Bxc6 22. Nxe7+ Qxe7 23. Bxc6 b4 24. Qd7 Qxd7 25. Bxd7 Rcd8 26. Rfd1 Kg7 27.
f4 Bc7 28. Bxe6 Rxd1+ 29. Rxd1 fxe6 30. Nd4 Kf6 31. Nc6 a5 32. e4 Rf7 33. Kg2
g5 34. e5+ Kg6 35. Kf3 h5 36. Ke4 h4 37. Nd4 hxg3 38. hxg3 Re7 39. Nxe6 gxf4
40. gxf4 Rxe6 41. f5+ Kf7 42. fxe6+ Kxe6 43. Rc1 Bxe5 44. Rc5 Bb2 45. Rxa5 Kd6
46. Kd3 Kc6 47. Kc4 Ba3 48. Ra6+ Kb7 49. Rd6 Kc7 50. Kd5 Kb7 51. Rc6 Ka7 52.
Kc5 Kb7 53. Kb5 Kb8 54. Ka6 Bb2 55. Rb6+ Ka8 56. Rxb4 Be5 57. Re4 Bb8 58. a4
Bc7 59. a5 Bg3 60. Re7 Bf4 61. Re8+ Bb8 62. Kb5 Kb7 63. a6+ Ka7 64. Re7+ Ka8
65. Kb6 Bd6 66. Rd7 Bf4 67. a7 Be3+ 68. Ka6 Bb6 69. Rg7 Bd8 70. Rg6 Bf6 71.
Rg8+ 1-0

[Event "European Youth Chess Championship B16"]
[Site "Prague, Top Hotel Prague"]
[Date "2016.08.26"]
[Round "8.29"]
[White "Goldie, Thomas"]
[Black "Adar, Idan"]
[Result "1-0"]
[WhiteElo "2193"]
[BlackElo "1990"]
[PlyCount "77"]
[EventDate "2016.08.18"]

1. d4 Nf6 2. Nf3 c5 3. d5 e6 4. Nc3 Nxd5 5. Nxd5 exd5 6. Qxd5 Be7 7. Bg5 O-O 8.
O-O-O Nc6 9. a3 b5 10. e3 Rb8 11. h4 b4 12. a4 b3 13. c3 h6 14. Bxe7 Qxe7 15.
Bb5 a6 16. Bxc6 dxc6 17. Qe5 Be6 18. Rd6 Rfd8 19. Rhd1 Rxd6 20. Qxd6 Qxd6 21.
Rxd6 Bd5 22. Ne5 Bxg2 23. Nd7 Re8 24. Nxc5 Bd5 25. Kd2 Re5 26. Nxa6 Bg2 27. Nb8
Ra5 28. Nxc6 Rxa4 29. Nb4 Ra1 30. c4 Rh1 31. Rd4 f5 32. Kc3 Be4 33. Kxb3 g5 34.
hxg5 h5 35. Nd5 Kg7 36. Nf4 h4 37. Rd7+ Kf8 38. g6 h3 39. g7+ 1-0

[Event "European Youth Chess Championship B16"]
[Site "Prague, Top Hotel Prague"]
[Date "2016.08.26"]
[Round "8.30"]
[White "Papp, Levente"]
[Black "Schmidek, Emil"]
[Result "0-1"]
[WhiteElo "2120"]
[BlackElo "2223"]
[PlyCount "84"]
[EventDate "2016.08.18"]

1. e4 e5 2. c4 Nf6 3. d3 c6 4. Bg5 d5 5. cxd5 cxd5 6. Bxf6 Qxf6 7. exd5 Bb4+ 8.
Nc3 O-O 9. a3 Ba5 10. b4 Bb6 11. Nf3 Bf5 12. Ne4 Qd8 13. Qb3 a5 14. Be2 axb4
15. O-O bxa3 16. Rfb1 Bxe4 17. dxe4 Bc5 18. Qxb7 Nd7 19. Rc1 Bd6 20. Qc6 Qe7
21. Ba6 Ra7 22. Be2 Nc5 23. Nd2 Rb8 24. Nc4 Ra6 25. Nxd6 Rxc6 26. Nf5 Qc7 27.
Rxa3 Rcb6 28. d6 Qb7 29. Rac3 Rb1 30. Ne7+ Kf8 31. Rxc5 Rxc1+ 32. Rxc1 Qxe4 33.
Nc6 Rb1 34. Rxb1 Qxb1+ 35. Bf1 Qd1 36. Nxe5 Qxd6 37. Nf3 Qd1 38. h4 h5 39. Ng5
f6 40. Ne4 Ke7 41. f3 Qd4+ 42. Kh2 f5 0-1

[Event "European Youth Chess Championship B16"]
[Site "Prague, Top Hotel Prague"]
[Date "2016.08.26"]
[Round "8.31"]
[White "Liska, Jiri"]
[Black "Hallman, Valo"]
[Result "1-0"]
[WhiteElo "2116"]
[BlackElo "2187"]
[PlyCount "89"]
[EventDate "2016.08.18"]

1. Nf3 d5 2. d4 Nf6 3. c4 e6 4. Qc2 c6 5. g3 Be7 6. Bg2 Nbd7 7. O-O b6 8. b3
Bb7 9. Nc3 O-O 10. Rd1 Rc8 11. Bb2 Qc7 12. e4 dxe4 13. Ng5 h6 14. Ngxe4 Nxe4
15. Nxe4 Nf6 16. Nxf6+ Bxf6 17. c5 Rfd8 18. b4 Rd7 19. Rac1 Qd8 20. Qc4 b5 21.
Qd3 a5 22. a4 Ba6 23. Bxc6 Rxc6 24. axb5 axb4 25. bxa6 Qa8 26. Ra1 Rxc5 27.
dxc5 Rxd3 28. Rxd3 Bxb2 29. Ra4 Qe4 30. a7 Qe1+ 31. Kg2 Qe4+ 32. Rf3 Qa8 33.
Kg1 Bd4 34. c6 Bxa7 35. c7 Kh7 36. Rxa7 Qc6 37. Rxf7 Qc1+ 38. Kg2 Qc6+ 39. Kh3
h5 40. Rxg7+ Kh6 41. Rg8 Qe4 42. c8=Q Qf5+ 43. Kg2 Qe4+ 44. f3 Qe2+ 45. Kh3 1-0

[Event "European Youth Chess Championship B16"]
[Site "Prague, Top Hotel Prague"]
[Date "2016.08.26"]
[Round "8.32"]
[White "Abdulla, Murad"]
[Black "Nguyen, Kevin"]
[Result "1-0"]
[WhiteElo "2103"]
[BlackElo "2169"]
[PlyCount "79"]
[EventDate "2016.08.18"]

1. d4 Nf6 2. Nf3 g6 3. Nc3 Bg7 4. e4 d6 5. Be3 a6 6. Qd2 h6 7. h3 b5 8. e5 b4
9. exf6 bxc3 10. Qxc3 Bxf6 11. Qd2 Bg7 12. Be2 Nd7 13. Rd1 Nf6 14. c4 Rb8 15.
O-O Bf5 16. Qc1 Qd7 17. b3 g5 18. Ne5 dxe5 19. dxe5 Qe6 20. exf6 Qxf6 21. Bd4
Qg6 22. Bh5 Qxh5 23. Bxg7 Rg8 24. Be5 g4 25. h4 Rc8 26. Bg3 Be6 27. Qa3 a5 28.
Rfe1 Qf5 29. Rd5 Qc2 30. Rxa5 Kf8 31. Rae5 Rd8 32. Qc5 Qxa2 33. Qxc7 Rd7 34.
Qc6 Rd6 35. Qb5 Rd3 36. R5e3 Rd2 37. c5 Kg7 38. c6 Rd5 39. Qb4 Qd2 40. Qxe7 1-0